| 000 | 00756aam a2200289 i 4500 | ||
|---|---|---|---|
| 001 | 768714001 | ||
| 003 | CO-MdFUSB | ||
| 005 | 20250513150109.0 | ||
| 007 | ta | ||
| 008 | 250513t1984 sp ||||| |||| 00| 0 spa d | ||
| 020 | _a84-7228-633-9 | ||
| 040 | _cCO-MdFUSB | ||
| 041 | 0 | _aspa | |
| 082 | 0 | 4 |
_223 _a248 _bM9811d |
| 100 | 1 |
_aMurray, Andrew (1828- 1917) _eautor |
|
| 245 | 1 | 0 |
_aConsagración total _c/ Andrew Murray |
| 264 | 1 |
_bClie, _aTerrassa, Barcelona, España : _c[1984] |
|
| 264 | 4 | _c©1984 | |
| 300 | _a134 páginas | ||
| 336 |
_atexto _btxt _2rdacontent |
||
| 337 |
_2rdamedia _asin mediación _bn |
||
| 338 |
_2rdacarrier _avolumen _bnc |
||
| 563 | _aRústico | ||
| 653 | _aVida cristiana | ||
| 942 | _cBK | ||
| 945 | _aElías Tolentino | ||
| 999 |
_c35844 _d35844 |
||